Quiz sur Arsenal - Statistiques

Statistiques générales
  • Ce quiz a été pris 74 fois
  • Le résultat moyen est 12 sur 15
Statistiques - réponses
Question Réponse % Correct
De quelle ville le club est-il originaire? Londres
97%
Quel est l'entraîneur de l'équipe actuelle (2025-2026) Mikel Arteta
97%
Quelle est la couleur du logo de l'équipe (en + du blanc) Rouge
97%
Qui est le meilleur buteur de l'histoire du club? Thierry Henry
97%
Comment s'appelle le stade actuel d'Arsenal? Emirates (stadium)
94%
Quel nom donne-t-on à l'équipe en anglais Gunners
94%
Contre quelle équipe Arsenal s'est-il fait éliminer lors de la dernière saison de Ligue des champions (2024-2025) PSG
94%
Quelle équipe Arsenal affronte-t-il durant le "North London Derby"? Tottenham
91%
Qui était l'entraîneur de l'équipe lors de la saison des "invincibles" (2003-2004)? Arsène Wenger
89%
En quelle année ont-ils été finalistes de la Ligue des Champions? 2006
87%
Combien de titres du championnat d'Angleterre (Premiere League) Arsenal détient-il? 13
86%
Comment s'appelait l'ancien stade d'Arsenal? Highbury
50%
En quelle année le club a-t-il été fondé? 1886
47%
Quel est l'hymne du club joué à chaque début de match à domicile? North London Forever
33%
Comment s'appelle l'actuel maire de New York ayant affirmé plusieurs fois publiquement être supporter de l'équipe? Zohran Mamdani
23%
Aucun quiz correspondant
Distribution des résultats
% des personnes avec chaque résultat
Percentile par nombre de réponses
Votre historique - résultats
Vous n’avez pas pris ce quiz